| 000 | 00000nam 2200000zi 4500 |
| 001 | 9.894372 |
| 003 | CaOODSP |
| 005 | 20221107173722 |
| 006 | m o d f |
| 007 | cr bn||||||||| |
| 008 | 201204t20202020onc o f000 0 eng d |
| 020 | |a9780660368344 |
| 040 | |aCaOODSP|beng|erda|cCaOODSP |
| 043 | |an-cn--- |
| 086 | 1 |aBT39-55/1-2020E-PDF |
| 245 | 00|aGuidebook for departments on easing of restrictions. |
| 264 | 1|a[Ottawa] : |bTreasury Board of Canada Secretariat = Secrétariat du Conseil du trésor du Canada, |c2020. |
| 264 | 4|c©2020 |
| 300 | |a1 online resource (6 unnumbered pages) |
| 336 | |atext|btxt|2rdacontent |
| 337 | |acomputer|bc|2rdamedia |
| 338 | |aonline resource|bcr|2rdacarrier |
| 500 | |aIssued also in French under title: Guide à l’intention des ministères sur l’assouplissement des restrictions. |
| 500 | |aIssued also in HTML format. |
| 500 | |a"Published: 2020-07-10." |
| 520 | |a"A guide to support a gradual, safe and sustainable easing of COVID-19 restrictions at federal worksites"--page [3]. |
| 650 | 0|aCOVID-19 (Disease)|xGovernment policy|zCanada. |
| 650 | 0|aWork environment|xGovernment policy|zCanada. |
| 710 | 1 |aCanada. |bTreasury Board, |eissuing body. |
| 775 | 08|tGuide à l’intention des ministères sur l’assouplissement des restrictions. |w(CaOODSP)9.894373 |
| 794 | |tGuidebook for departments on easing of restrictions.|b2022-03-22|w(CaOODSP)9.910542 |
| 856 | 40|qPDF|s140 KB|uhttps://publications.gc.ca/collections/collection_2021/sct-tbs/BT39-55-1-2020-eng.pdf |
| 856 | 4 |qHTML|sN/A|uhttps://www.canada.ca/en/government/publicservice/covid-19/easing-restrictions/departmental-guidebook.html |